[Event "Heart of Finland op 10th"]
[Site "Jyvaskyla"]
[Date "2000.07.20"]
[Round "4"]
[White "Laasanen, Teemu"]
[Black "Bagirov, Vladimir"]
[Result "1-0"]
[WhiteElo "2121"]
[BlackElo "2482"]
[PlyCount "72"]
[EventDate "2000.07.19"]
[EventType "swiss"]
[EventRounds "9"]
[EventCountry "FIN"]
[SourceTitle "EXT 2001"]
[Source "ChessBase"]
[SourceDate "2000.11.22"]
[SourceVersion "1"]
[SourceVersionDate "2000.11.22"]
[SourceQuality "1"]

1. d4 e6 2. c4 b6 3. Nc3 Bb7 4. a3 f5 5. Nf3 Nf6 6. g3 g6 7. Bg2 Bg7 8. 0-0 0-0 9. Qc2 a5 10. Rd1 Na6 11. Bf4 h6 12. h4 d6 13. Rab1 Ne4 14. Na4 Qe8 15. b4 axb4 16. axb4 b5 17. Nb2 Nxb4 18. Qb3 Na2 19. Rd3 b4 20. Nd1 Bc6 21. Ne1 Ra3 22. Qb2 Nac3 23. Nxc3 Nxc3 24. Rxc3 Rxc3 25. Qxb4 Bxd4 26. Bd2 Bxg2 27. Bxc3 Bxc3 28. Qxc3 Be4 29. Rc1 Ba8 30. Nf3 Qe7 31. c5 e5 32. Qa5 Bxf3 33. exf3 Rf7 34. Qd2 Kh7 35. Qd5 Rf6 36. c6 Qf7 1-0

[Event "BL2-Nord 9900"]
[Site "Germany"]
[Date "2000.01.30"]
[Round "5.1"]
[White "Lamprecht, Frank"]
[Black "Bagirov, Vladimir"]
[Result "1-0"]
[WhiteElo "2405"]
[BlackElo "2470"]
[PlyCount "147"]
[EventDate "1999.10.10"]
[EventType "team-tourn"]
[EventRounds "9"]
[EventCountry "GER"]
[SourceTitle "CBM 074 Extra"]
[Source "ChessBase"]
[SourceDate "2000.03.10"]
[SourceVersion "2"]
[SourceVersionDate "2000.03.10"]
[SourceQuality "1"]
[WhiteTeam "Hamburg Koenigsspringer"]
[BlackTeam "Zehlendorf"]
[WhiteTeamCountry "GER"]
[BlackTeamCountry "GER"]

1. d4 d6 2. Nf3 Bg4 3. c3 Nd7 4. Bg5 Ngf6 5. Nbd2 h6 6. Bh4 g5 7. Bg3 Nh5 8. e3 Bg7 9. Bc4 Nxg3 10. hxg3 e6 11. Qb3 Rb8 12. Bd3 Qe7 13. Nh2 Bf5 14. Bxf5 exf5 15. 0-0 Qe6 16. Rfe1 0-0 17. e4 fxe4 18. Rxe4 Qxb3 19. Nxb3 Rfe8 20. Rae1 Rxe4 21. Rxe4 b6 22. Nf1 Kf8 23. Re2 Re8 24. Ne3 Kg8 25. Kf1 Bf8 26. Na1 Kh7 27. Nac2 Kg6 28. Nd5 Rxe2 29. Kxe2 c6 30. Ndb4 Nb8 31. d5 cxd5 32. Nxd5 Kf5 33. Nd4+ Ke5 34. Nb4 a5 35. Nbc6+ Nxc6 36. Nxc6+ Kd5 37. Nd4 h5 38. Kd3 a4 39. b3 axb3 40. axb3 Bg7 41. Nf5 Bf6 42. Ne3+ Kc6 43. c4 Bb2 44. Nd5 b5 45. Nc3 bxc4+ 46. Kxc4 Bc1 47. b4 Bd2 48. b5+ Kd7 49. Ne4 Be1 50. Kd5 f5 51. Nxd6 Bxf2 52. Nxf5 Kc7 53. Ke5 Kb6 54. Kf6 g4 55. Kg5 Kxb5 56. Kxh5 Kc6 57. Kxg4 Kd7 58. Kf4 Ke6 59. g4 Be1 60. g5 Kf7 61. Kg4 Bd2 62. Nd4 Bc3 63. Ne2 Bb2 64. Kf5 Kg7 65. Nf4 Kf7 66. Kg4 Kg7 67. Kh5 Bc1 68. Ne2 Bd2 69. Nd4 Bc1 70. Nf5+ Kh7 71. g6+ Kg8 72. g4 Bd2 73. g5 Bc3 74. Kh6 1-0

[Event "Wch Seniors 09th"]
[Site "Gladenbach"]
[Date "1999.11.12"]
[Round "5"]
[White "Winiwarter, Felix"]
[Black "Bagirov, Vladimir"]
[Result "0-1"]
[WhiteElo "2225"]
[BlackElo "2493"]
[PlyCount "80"]
[EventDate "1999.11.07"]
[EventType "swiss"]
[EventRounds "11"]
[EventCountry "GER"]
[SourceTitle "EXT 2001"]
[Source "ChessBase"]
[SourceDate "2000.11.22"]
[SourceVersion "1"]
[SourceVersionDate "2000.11.22"]
[SourceQuality "1"]

1. e4 Nf6 2. e5 Nd5 3. d4 d6 4. c4 Nb6 5. f4 Bf5 6. Nf3 e6 7. Be2 dxe5 8. fxe5 c5 9. Be3 Nc6 10. 0-0 cxd4 11. Nxd4 Nxd4 12. Bxd4 Rc8 13. b3 Qxd4+ 14. Qxd4 Bc5 15. Qxc5 Rxc5 16. Bf3 Rc7 17. Nc3 a6 18. Rad1 Nd7 19. Rfe1 Ke7 20. Re3 Rb8 21. Be2 Rd8 22. b4 Nb8 23. Rxd8 Kxd8 24. Kf2 Rd7 25. Ke1 Rd4 26. a3 b6 27. Na4 Nd7 28. Nb2 Re4 29. Rxe4 Bxe4 30. Na4 Bxg2 31. Kf2 Bc6 32. b5 axb5 33. cxb5 Bb7 34. Ke3 Kc7 35. Kd4 f6 36. exf6 gxf6 37. Bg4 f5 38. Bh3 Kd6 39. Nb2 Ne5 40. a4 h6 0-1

[Event "Wch Seniors 09th"]
[Site "Gladenbach"]
[Date "1999.11.09"]
[Round "2"]
[White "Bagirov, Vladimir"]
[Black "Ofstad, Per"]
[Result "1-0"]
[WhiteElo "2493"]
[BlackElo "2187"]
[PlyCount "57"]
[EventDate "1999.11.07"]
[EventType "swiss"]
[EventRounds "11"]
[EventCountry "GER"]
[SourceTitle "EXT 2001"]
[Source "ChessBase"]
[SourceDate "2000.11.22"]
[SourceVersion "1"]
[SourceVersionDate "2000.11.22"]
[SourceQuality "1"]

1. d4 d5 2. c4 c6 3. Nc3 Nf6 4. Nf3 e6 5. e3 Nbd7 6. Qc2 Bd6 7. g4 dxc4 8. Bxc4 e5 9. g5 Nd5 10. Bd2 0-0 11. Nxd5 cxd5 12. Bxd5 exd4 13. 0-0-0 Nb6 14. Be4 Bg4 15. Nxd4 Rc8 16. Bc3 Bxd1 17. Rxd1 Qxg5 18. f4 Qf6 19. Nb5 Rxc3 20. Nxc3 Bc5 21. Qd3 g6 22. Bxb7 Qe7 23. Be4 Re8 24. f5 Bb4 25. fxg6 hxg6 26. Bxg6 Bxc3 27. bxc3 fxg6 28. Qxg6+ Kh8 29. Qh5+ 1-0

[Event "BL2-Nord 9900"]
[Site "Germany"]
[Date "1999.10.10"]
[Round "1.1"]
[White "Bagirov, Vladimir"]
[Black "Lagunow, Alexander"]
[Result "1/2-1/2"]
[WhiteElo "2470"]
[BlackElo "2435"]
[PlyCount "45"]
[EventDate "1999.10.10"]
[EventType "team-tourn"]
[EventRounds "9"]
[EventCountry "GER"]
[SourceTitle "CBM 074 Extra"]
[Source "ChessBase"]
[SourceDate "2000.03.10"]
[SourceVersion "2"]
[SourceVersionDate "2000.03.10"]
[SourceQuality "1"]
[WhiteTeam "Zehlendorf"]
[BlackTeam "Kreuzberg"]
[WhiteTeamCountry "GER"]
[BlackTeamCountry "GER"]

1. Nf3 Nf6 2. c4 g6 3. Nc3 d5 4. cxd5 Nxd5 5. Qa4+ Bd7 6. Qh4 Nxc3 7. dxc3 Nc6 8. Bf4 f6 9. 0-0-0 e5 10. Bh6 Qe7 11. Bxf8 Rxf8 12. e3 0-0-0 13. Nd2 g5 14. Qa4 a6 15. Qc2 f5 16. e4 Qc5 17. Bd3 Qxf2 18. Rdf1 Qxg2 19. exf5 Qd5 20. Nb3 Na5 21. Be4 Nxb3+ 22. axb3 Qc5 23. Qg2 1/2-1/2

[Event "Biel MTO op"]
[Site "Biel"]
[Date "1999.07.27"]
[Round "8"]
[White "Shariyazdanov, Andrey"]
[Black "Bagirov, Vladimir"]
[Result "1/2-1/2"]
[WhiteElo "2588"]
[BlackElo "2471"]
[PlyCount "59"]
[EventDate "1999.07.??"]
[EventType "swiss"]
[EventRounds "11"]
[EventCountry "SUI"]
[SourceTitle "EXT 2000"]
[Source "ChessBase"]
[SourceDate "1999.11.16"]
[SourceVersion "1"]
[SourceVersionDate "1999.11.16"]
[SourceQuality "1"]

1. d4 Nf6 2. c4 g6 3. Nc3 d5 4. cxd5 Nxd5 5. e4 Nxc3 6. bxc3 Bg7 7. Bb5+ c6 8. Ba4 0-0 9. Ne2 c5 10. 0-0 Nc6 11. Be3 Na5 12. Rb1 b6 13. dxc5 Ba6 14. Bb5 Bxb5 15. Rxb5 Nc4 16. Bg5 h6 17. Bc1 a6 18. Rb4 b5 19. a4 Rb8 20. axb5 axb5 21. Nd4 Qc7 22. Nxb5 Qxc5 23. Qd5 Qxd5 24. exd5 Rfc8 25. Na7 Bxc3 26. Rxb8 Rxb8 27. Nc6 Rb5 28. Nxe7+ Kf8 29. Nc6 g5 30. d6 1/2-1/2

[Event "Biel MTO op"]
[Site "Biel"]
[Date "1999.07.25"]
[Round "6"]
[White "Tukmakov, Vladimir B"]
[Black "Bagirov, Vladimir"]
[Result "1/2-1/2"]
[WhiteElo "2557"]
[BlackElo "2471"]
[PlyCount "77"]
[EventDate "1999.07.??"]
[EventType "swiss"]
[EventRounds "11"]
[EventCountry "SUI"]
[SourceTitle "EXT 2000"]
[Source "ChessBase"]
[SourceDate "1999.11.16"]
[SourceVersion "1"]
[SourceVersionDate "1999.11.16"]
[SourceQuality "1"]

1. Nf3 d5 2. d4 Nf6 3. c4 e6 4. g3 Be7 5. Bg2 0-0 6. Qc2 dxc4 7. Nbd2 a6 8. Nxc4 Nc6 9. e3 b5 10. Nfe5 Nb4 11. Qe2 Nfd5 12. Na5 c5 13. Nac6 Nxc6 14. Nxc6 Qc7 15. Nxe7+ Qxe7 16. dxc5 Qxc5 17. Bd2 Bb7 18. Rc1 Qe7 19. 0-0 Rac8 20. a3 Qd7 21. Qd3 Rxc1 22. Rxc1 Rc8 23. b3 Rxc1+ 24. Bxc1 Qc6 25. Bb2 f6 26. h4 Qc5 27. e4 Ne7 28. Qd7 Kf7 29. Qxb7 Qc2 30. Bxf6 gxf6 31. Qxa6 Qxb3 32. Bf1 b4 33. Bc4 Qb1+ 34. Kh2 Qxe4 35. axb4 Nf5 36. Bd3 Qxb4 37. Qa7+ Kg6 38. h5+ Kh6 39. Bxf5 1/2-1/2

[Event "Biel MTO op"]
[Site "Biel"]
[Date "1999.07.23"]
[Round "4"]
[White "Bagirov, Vladimir"]
[Black "Tyomkin, Dimitri"]
[Result "1/2-1/2"]
[WhiteElo "2471"]
[BlackElo "2495"]
[PlyCount "29"]
[EventDate "1999.07.??"]
[EventType "swiss"]
[EventRounds "11"]
[EventCountry "SUI"]
[SourceTitle "EXT 2000"]
[Source "ChessBase"]
[SourceDate "1999.11.16"]
[SourceVersion "1"]
[SourceVersionDate "1999.11.16"]
[SourceQuality "1"]

1. d4 d5 2. c4 c6 3. Nf3 e6 4. cxd5 exd5 5. Nc3 Bd6 6. Bg5 Ne7 7. e3 Qb6 8. Bxe7 Bxe7 9. Qc2 Be6 10. Bd3 h6 11. 0-0 Nd7 12. Rab1 0-0 13. b4 Rac8 14. a3 Qd8 15. Ne2 1/2-1/2

[Event "Crailsheim op"]
[Site "Crailsheim"]
[Date "1999.05.23"]
[Round "4"]
[White "Maier, Alexander"]
[Black "Bagirov, Vladimir"]
[Result "1/2-1/2"]
[WhiteElo "2380"]
[BlackElo "2493"]
[PlyCount "33"]
[EventDate "1999.05.21"]
[EventType "swiss"]
[EventRounds "7"]
[EventCountry "GER"]
[SourceTitle "EXT 2004"]
[Source "ChessBase"]
[SourceDate "2003.11.25"]
[SourceVersion "1"]
[SourceVersionDate "2003.11.25"]
[SourceQuality "1"]

1. e4 Nf6 2. Nc3 d5 3. e5 Nfd7 4. d4 c5 5. Nf3 e6 6. dxc5 Nc6 7. Bf4 Nxc5 8. Bd3 Be7 9. h4 Bd7 10. a3 a6 11. h5 h6 12. Rh3 Qb6 13. Rb1 Nxd3+ 14. cxd3 f5 15. Rg3 d4 16. Ne2 0-0-0 17. Nd2 1/2-1/2

[Event "EU-chT Seniors 01st"]
[Site "Dresden"]
[Date "1999.04.14"]
[Round "6.1"]
[White "Bagirov, Vladimir"]
[Black "Stavenhagen, Johannes"]
[Result "1/2-1/2"]
[WhiteElo "2490"]
[BlackElo "1870"]
[PlyCount "42"]
[EventDate "1999.04.09"]
[EventType "team-swiss"]
[EventRounds "7"]
[EventCountry "GER"]
[SourceTitle "EXT 2005"]
[Source "ChessBase"]
[SourceDate "2004.11.15"]
[SourceVersion "1"]
[SourceVersionDate "2004.11.15"]
[SourceQuality "1"]

1. Nf3 d5 2. c4 e6 3. g3 Nf6 4. Bg2 Be7 5. b3 c5 6. Bb2 Nc6 7. cxd5 exd5 8. d4 Be6 9. 0-0 h6 10. dxc5 Bxc5 11. Nc3 0-0 12. Rc1 Qe7 13. Nb5 Ne4 14. e3 Rac8 15. Qe2 Bg4 16. h3 Nxg3 17. fxg3 Bxe3+ 18. Kh1 Bxc1 19. Qxe7 Nxe7 20. Bxc1 Bxf3 21. Bxf3 a6 1/2-1/2

[Event "Neckar op-A 3rd"]
[Site "Deizisau"]
[Date "1999.04.05"]
[Round "9"]
[White "Bagirov, Vladimir"]
[Black "Zabystrzan, Pavel"]
[Result "1/2-1/2"]
[WhiteElo "2490"]
[BlackElo "2325"]
[PlyCount "117"]
[EventDate "1999.04.??"]
[EventType "swiss"]
[EventRounds "8"]
[EventCountry "GER"]
[SourceTitle "EXT 2000"]
[Source "ChessBase"]
[SourceDate "1999.11.16"]
[SourceVersion "1"]
[SourceVersionDate "1999.11.16"]
[SourceQuality "1"]

1. Nf3 Nf6 2. c4 g6 3. Nc3 c5 4. e4 Bg7 5. d4 cxd4 6. Nxd4 Nc6 7. Be3 d6 8. Be2 Bd7 9. 0-0 0-0 10. Qd2 a6 11. f3 Rb8 12. Rac1 Nxd4 13. Bxd4 Bc6 14. b4 b6 15. Rc2 Nd7 16. Bxg7 Kxg7 17. f4 Nf6 18. Bf3 Ba8 19. Rd1 Kg8 20. Nd5 Bxd5 21. cxd5 Nd7 22. Rc6 a5 23. a3 axb4 24. axb4 Ra8 25. Bg4 Nf6 26. Bf3 Qb8 27. Qd4 Nd7 28. Rdc1 Ra7 29. h3 Rb7 30. Bg4 b5 31. Kh1 Nb6 32. Be2 Nc4 33. Bxc4 bxc4 34. R1xc4 f6 35. Qc3 Qa7 36. Qd4 Qa3 37. Kh2 Rfb8 38. Rc8+ Rxc8 39. Rxc8+ Kg7 40. Rc4 Qa6 41. Qc3 Kf7 42. Qb3 Kg7 43. Qc2 Qa3 44. Qd2 Qa6 45. Qd4 Kf7 46. Qc3 Qb6 47. e5 dxe5 48. fxe5 fxe5 49. Qxe5 Qd6 50. Rf4+ Ke8 51. Qxd6 exd6 52. Kg3 Rb5 53. Rd4 Kf7 54. Kf4 Kf6 55. Ke4 Rb8 56. h4 h5 57. Kf4 Rb5 58. g3 Kf7 59. Ke3 1/2-1/2

[Event "Neckar op-A 3rd"]
[Site "Deizisau"]
[Date "1999.04.05"]
[Round "8"]
[White "Namyslo, Holger"]
[Black "Bagirov, Vladimir"]
[Result "1/2-1/2"]
[WhiteElo "2229"]
[BlackElo "2493"]
[PlyCount "61"]
[EventDate "1999.04.??"]
[EventType "swiss"]
[EventRounds "8"]
[EventCountry "GER"]
[SourceTitle "EXT 2000"]
[Source "ChessBase"]
[SourceDate "1999.11.16"]
[SourceVersion "1"]
[SourceVersionDate "1999.11.16"]
[SourceQuality "1"]

1. e4 Nf6 2. e5 Nd5 3. d4 d6 4. Nf3 c6 5. Be2 dxe5 6. dxe5 Bf5 7. Nd4 e6 8. Nxf5 exf5 9. 0-0 Be7 10. c4 Nc7 11. Qb3 Qc8 12. Qh3 Qe6 13. Bd3 g6 14. Re1 Nba6 15. Bh6 0-0-0 16. Nc3 Nb4 17. Bb1 Qxc4 18. Bg7 Rhg8 19. Qxh7 Ne6 20. Bh6 Ng5 21. Bxg5 Bxg5 22. e6 fxe6 23. a3 Nd5 24. Ba2 Qf4 25. Qf7 Rh8 26. Qxe6+ Kb8 27. g3 Qd6 28. Nxd5 cxd5 29. Rad1 d4 30. h4 Bf6 31. Qf7 1/2-1/2

[Event "Neckar op-A 3rd"]
[Site "Deizisau"]
[Date "1999.04.04"]
[Round "7"]
[White "Bagirov, Vladimir"]
[Black "Gerstner, Wolfgang"]
[Result "1/2-1/2"]
[WhiteElo "2493"]
[BlackElo "2365"]
[PlyCount "43"]
[EventDate "1999.04.??"]
[EventType "swiss"]
[EventRounds "8"]
[EventCountry "GER"]
[SourceTitle "EXT 2000"]
[Source "ChessBase"]
[SourceDate "1999.11.16"]
[SourceVersion "1"]
[SourceVersionDate "1999.11.16"]
[SourceQuality "1"]

1. b3 Nf6 2. Bb2 d5 3. g3 Bf5 4. Bg2 e6 5. d3 Be7 6. Nd2 h6 7. e4 Bh7 8. f4 c5 9. Nh3 Nc6 10. 0-0 d4 11. Qe2 0-0 12. Bc1 b5 13. g4 Nb4 14. g5 hxg5 15. fxg5 Nd7 16. Nf3 c4 17. a3 Nc6 18. Nf4 Nce5 19. h4 Rc8 20. Kh1 Nxf3 21. Rxf3 Bd6 22. Bd2 1/2-1/2

[Event "Neckar op-A 3rd"]
[Site "Deizisau"]
[Date "1999.04.03"]
[Round "4"]
[White "Maahs, Erich"]
[Black "Bagirov, Vladimir"]
[Result "0-1"]
[WhiteElo "2203"]
[BlackElo "2493"]
[PlyCount "118"]
[EventDate "1999.04.??"]
[EventType "swiss"]
[EventRounds "8"]
[EventCountry "GER"]
[SourceTitle "EXT 2000"]
[Source "ChessBase"]
[SourceDate "1999.11.16"]
[SourceVersion "1"]
[SourceVersionDate "1999.11.16"]
[SourceQuality "1"]

1. e4 c6 2. d4 d5 3. Nd2 dxe4 4. Nxe4 Bf5 5. Ng3 Bg6 6. h4 h6 7. Nf3 Nf6 8. Ne5 Bh7 9. Bd3 Bxd3 10. Qxd3 e6 11. Bf4 Qa5+ 12. Bd2 Qc7 13. 0-0-0 Nbd7 14. f4 Bd6 15. Rhe1 0-0 16. Ne4 Nxe4 17. Qxe4 f5 18. Qf3 Nf6 19. Nd3 Rae8 20. Kb1 Qb6 21. c3 Qb5 22. Ne5 Qd5 23. Bc1 Qxf3 24. gxf3 Kh7 25. Rd2 Nd5 26. Rg2 Rg8 27. c4 Bxe5 28. Rxe5 Nc7 29. b3 Rd8 30. Bb2 Rd7 31. Re1 Re8 32. Reg1 Ree7 33. Kc2 Ne8 34. Re2 Nf6 35. Rge1 Nh5 36. Rxe6 Rxe6 37. Rxe6 Nxf4 38. Re5 Ng6 39. Rxf5 Nxh4 40. Rf4 Ng6 41. Rg4 Rf7 42. d5 cxd5 43. cxd5 Rd7 44. Rd4 Ne7 45. d6 Nf5 46. Rf4 Nxd6 47. Be5 Nf7 48. Bb8 a6 49. Kc3 Nd8 50. Re4 Nc6 51. Bg3 Rf7 52. f4 Kg6 53. Kd3 Kf5 54. Bh2 Rd7+ 55. Ke3 Rd2 56. Kxd2 Kxe4 57. Kc3 b5 58. Kd2 g6 59. Kc3 h5 0-1

[Event "Recklinghausen op"]
[Site "Recklinghausen"]
[Date "1999.??.??"]
[Round "7"]
[White "Bagirov, Vladimir"]
[Black "Wegener, Olaf"]
[Result "1/2-1/2"]
[WhiteElo "2470"]
[BlackElo "2310"]
[PlyCount "91"]
[EventDate "1999.??.??"]
[EventType "swiss"]
[EventRounds "9"]
[EventCountry "GER"]
[SourceTitle "EXT 2000"]
[Source "ChessBase"]
[SourceDate "1999.11.16"]
[SourceVersion "1"]
[SourceVersionDate "1999.11.16"]
[SourceQuality "1"]

1. b3 d5 2. Bb2 Bf5 3. g3 e6 4. Bg2 Nf6 5. d3 Be7 6. Nd2 h6 7. Ngf3 0-0 8. c4 c6 9. 0-0 Nbd7 10. Rc1 a5 11. a3 Bh7 12. Rc2 Qb6 13. Qa1 Rfe8 14. Ne5 Nxe5 15. Bxe5 Rad8 16. h3 Ra8 17. Qb2 Red8 18. Nf3 Ne8 19. cxd5 exd5 20. Rb1 Bf8 21. Bd4 Qa6 22. Bc5 Nd6 23. a4 Ne8 24. Bxf8 Kxf8 25. Qa3+ Nd6 26. g4 Kg8 27. Nd4 Qb6 28. Qc5 Qxc5 29. Rxc5 Kf8 30. f4 Re8 31. Kf2 g5 32. f5 Kg7 33. b4 axb4 34. Rxb4 Bg8 35. Nxc6 Rec8 36. Rxd5 Rxc6 37. Rbd4 Raa6 38. Re5 Rc7 39. Red5 Rcc6 40. Re5 Rc7 41. Red5 Rcc6 42. Rb4 f6 43. Rxb7+ Nxb7 44. Rd7+ Bf7 45. Bxc6 Rxc6 46. Rxb7 1/2-1/2

[Event "Recklinghausen op"]
[Site "Recklinghausen"]
[Date "1999.??.??"]
[Round "8"]
[White "Halasz, Tamas"]
[Black "Bagirov, Vladimir"]
[Result "1/2-1/2"]
[WhiteElo "2375"]
[BlackElo "2470"]
[PlyCount "28"]
[EventDate "1999.??.??"]
[EventType "swiss"]
[EventRounds "9"]
[EventCountry "GER"]
[SourceTitle "EXT 2000"]
[Source "ChessBase"]
[SourceDate "1999.11.16"]
[SourceVersion "1"]
[SourceVersionDate "1999.11.16"]
[SourceQuality "1"]

1. d4 e6 2. Nf3 d5 3. c4 c6 4. e3 Bd6 5. Bd3 f5 6. b3 Nf6 7. 0-0 0-0 8. Ba3 Bxa3 9. Nxa3 Qe7 10. Qc1 Ne4 11. Nc2 Nd7 12. Nce1 a5 13. Be2 Qd6 14. c5 Qc7 1/2-1/2

[Event "BL2-Nord 9899"]
[Site "Germany"]
[Date "1998.12.13"]
[Round "3.1"]
[White "Bagirov, Vladimir"]
[Black "Bangiev, Alexander J"]
[Result "1/2-1/2"]
[WhiteElo "2480"]
[BlackElo "2395"]
[PlyCount "33"]
[EventDate "1998.10.18"]
[EventType "team-tourn"]
[EventRounds "9"]
[EventCountry "GER"]
[SourceTitle "CBM 068"]
[Source "ChessBase"]
[SourceDate "1999.02.01"]
[SourceVersion "1"]
[SourceVersionDate "1999.02.01"]
[SourceQuality "1"]
[WhiteTeam "Lasker Steglitz"]
[BlackTeam "Isernhagen"]
[WhiteTeamCountry "GER"]
[BlackTeamCountry "GER"]

1. d4 g6 2. c4 Bg7 3. Nf3 c5 4. e4 d6 5. h3 Nf6 6. Nc3 0-0 7. d5 e6 8. Bd3 Qe7 9. dxe6 fxe6 10. 0-0 Nc6 11. Bg5 h6 12. Bd2 Qf7 13. e5 dxe5 14. Qb1 g5 15. Bg6 Qe7 16. Re1 Bd7 17. Nxe5 1/2-1/2

[Event "Wch Seniors 08th"]
[Site "Grieskirchen"]
[Date "1998.11.10"]
[Round "3"]
[White "Bagirov, Vladimir"]
[Black "Dornieden, Manfred"]
[Result "1-0"]
[WhiteElo "2480"]
[BlackElo "2270"]
[PlyCount "65"]
[EventDate "1998.11.08"]
[EventType "swiss"]
[EventRounds "11"]
[EventCountry "AUT"]
[SourceTitle "CBM 067 Extra"]
[Source "ChessBase"]
[SourceDate "1999.01.01"]
[SourceVersion "1"]
[SourceVersionDate "1999.01.01"]
[SourceQuality "1"]

1. d4 g6 2. c4 Bg7 3. Nf3 d6 4. Nc3 c5 5. e4 Bg4 6. d5 e6 7. Be2 exd5 8. cxd5 Nf6 9. 0-0 0-0 10. h3 Bc8 11. Bf4 Re8 12. Nd2 a6 13. a4 Qe7 14. Re1 Nfd7 15. Nc4 Ne5 16. Ne3 Qf8 17. Bg3 g5 18. a5 Nbd7 19. Bg4 Ng6 20. Bf5 Be5 21. Na4 Rb8 22. Bxe5 Ndxe5 23. Nb6 Bxf5 24. Nxf5 h6 25. Ra3 Rbd8 26. h4 Nxh4 27. Nxh4 gxh4 28. f4 Ng6 29. Qg4 Kh7 30. Rae3 Qg7 31. e5 dxe5 32. fxe5 Rxe5 33. Rxe5 1-0

[Event "Wch Seniors 08th"]
[Site "Grieskirchen"]
[Date "1998.11.08"]
[Round "1"]
[White "Bagirov, Vladimir"]
[Black "Schubert, Hans Joachim"]
[Result "1-0"]
[WhiteElo "2480"]
[BlackElo "2010"]
[PlyCount "33"]
[EventDate "1998.11.08"]
[EventType "swiss"]
[EventRounds "11"]
[EventCountry "AUT"]
[SourceTitle "CBM 067 Extra"]
[Source "ChessBase"]
[SourceDate "1999.01.01"]
[SourceVersion "1"]
[SourceVersionDate "1999.01.01"]
[SourceQuality "1"]

1. b3 d5 2. Bb2 c5 3. e3 Nc6 4. f4 d4 5. Bb5 Qb6 6. Qe2 Nf6 7. Nf3 Bg4 8. Na3 a6 9. Nc4 Qc7 10. Bxc6+ bxc6 11. 0-0 e6 12. Nce5 Bxf3 13. Qxf3 dxe3 14. dxe3 Rc8 15. Nc4 Nd7 16. Rad1 f6 17. f5 1-0

[Event "Sportland NRW-Cup"]
[Site "Senden"]
[Date "1998.10.15"]
[Round "8"]
[White "Bagirov, Vladimir"]
[Black "Mainka, Romuald"]
[Result "1/2-1/2"]
[WhiteElo "2480"]
[BlackElo "2480"]
[PlyCount "54"]
[EventDate "1998.10.08"]
[EventType "swiss"]
[EventRounds "9"]
[EventCountry "GER"]
[SourceTitle "CBM 067 Extra"]
[Source "ChessBase"]
[SourceDate "1999.01.01"]
[SourceVersion "1"]
[SourceVersionDate "1999.01.01"]
[SourceQuality "1"]

1. d4 Nf6 2. Nf3 g6 3. c4 Bg7 4. Nc3 0-0 5. e4 d6 6. h3 Na6 7. Bg5 e5 8. d5 Qe8 9. g4 Nc5 10. Nd2 a5 11. Be2 c6 12. Kf1 Bd7 13. a4 Qc8 14. Kg2 Kh8 15. f3 Ng8 16. h4 Bh6 17. Qe1 f6 18. Bxh6 Nxh6 19. h5 g5 20. Ra3 Qc7 21. Qf2 Na6 22. Nf1 Ng8 23. Ne3 Ne7 24. Rd1 Nc5 25. Bf1 Rfd8 26. Nc2 Be8 27. Ne1 Rac8 1/2-1/2

[Event "Sportland NRW-Cup"]
[Site "Senden"]
[Date "1998.10.13"]
[Round "6"]
[White "Bagirov, Vladimir"]
[Black "Bezold, Michael"]
[Result "1/2-1/2"]
[WhiteElo "2480"]
[BlackElo "2490"]
[PlyCount "24"]
[EventDate "1998.10.08"]
[EventType "swiss"]
[EventRounds "9"]
[EventCountry "GER"]
[SourceTitle "CBM 067 Extra"]
[Source "ChessBase"]
[SourceDate "1999.01.01"]
[SourceVersion "1"]
[SourceVersionDate "1999.01.01"]
[SourceQuality "1"]

1. d4 d6 2. Nf3 Bg4 3. c4 Nd7 4. d5 e5 5. dxe6 Bxe6 6. e4 Bg4 7. Be2 Ngf6 8. Nc3 Bxf3 9. Bxf3 c6 10. Be3 Be7 11. 0-0 0-0 12. h3 Re8 1/2-1/2

[Event "Sportland NRW-Cup"]
[Site "Senden"]
[Date "1998.10.10"]
[Round "3"]
[White "Naiditsch, Arkadij"]
[Black "Bagirov, Vladimir"]
[Result "1/2-1/2"]
[WhiteElo "2390"]
[BlackElo "2480"]
[PlyCount "37"]
[EventDate "1998.10.08"]
[EventType "swiss"]
[EventRounds "9"]
[EventCountry "GER"]
[SourceTitle "CBM 067 Extra"]
[Source "ChessBase"]
[SourceDate "1999.01.01"]
[SourceVersion "1"]
[SourceVersionDate "1999.01.01"]
[SourceQuality "1"]

1. e4 c6 2. d4 d5 3. exd5 cxd5 4. c4 Nf6 5. Nc3 Nc6 6. Bg5 e6 7. c5 Be7 8. Bb5 0-0 9. Nf3 Ne4 10. Bxe7 Nxe7 11. Qc2 Qa5 12. Bd3 Nxc3 13. bxc3 h6 14. 0-0 b6 15. Rfb1 Ba6 16. Bxa6 Qxa6 17. Ne5 bxc5 18. Nd7 Rfc8 19. Nxc5 1/2-1/2